Géographie de Paris par lettre - B - Statistiques

Statistiques générales
  • Ce quiz a été pris 63 fois
  • Le résultat moyen est 6 sur 20
Statistiques - réponses
Question Réponse % Correct
Place célèbre où se trouvait l'ancienne prison royale Bastille
100%
Célèbre basilique surplombant Montmartre Basilique du Sacré-Cœur
74%
Salle de concert et monument du 11e arrondissement Bataclan
63%
Grand magasin historique du 7e arrondissement Bon Marché (Le)
46%
Quartier historique du 17e arrondissement aux allures de village Batignolles
39%
Jardin public situé dans le 19e arrondissement Buttes-Chaumont
37%
Station de métro située dans le 15e arrondissement et terminus de la ligne 8 Balard
35%
Quartier et station de métro du 11e arrondissement Belleville
33%
Station de métro située près de la gare du Nord Barbès — Rochechouart
30%
Lieu culturel situé dans le 3e arrondissement Beaubourg
28%
Boulevard mythique reliant la place de la Concorde au quartier latin Boulevard Saint-Germain
20%
Place et pont célèbres dans le 16e arrondissement Bir-Hakeim
19%
Station de métro du 15e nommée d'après un grand industriel Boucicaut
15%
Quartier résidentiel et paisible du 16e arrondissement Boissière
9%
Boulangerie mythique du 6e arrondissement, célèbre pour son pain au levain Boulangerie Poilâne
4%
Boulevard emblématique qui marque la limite entre le 10e et le 18e arrondissement Boulevard de la Chapelle
4%
Le plus grand plan d'eau artificiel de Paris Bassin de la Villette
2%
Rue parisienne très célèbre dans le 16e Belles Feuilles
2%
Institution littéraire et patrimoniale située quai François-Mitterrand Bibliothèque nationale de France (BnF)
2%
Musée parisien situé dans le 1er arrondissement Bourse de Commerce
2%
Aucun quiz correspondant
Distribution des résultats
% des personnes avec chaque résultat
Percentile par nombre de réponses
Votre historique - résultats
Vous n’avez pas pris ce quiz